[Event "Borowski"]
[Site "Essen GER"]
[Date "2000.09.02"]
[Round "5"]
[White "Schaefer,Ma"]
[Black "Mainka,R"]
[Result "1-0"]
[WhiteElo "2393"]
[BlackElo "2463"]

1.e4 c5 2.Nf3 e6 3.d4 cxd4 4.Nxd4 a6 5.Bd3 Bc5 6.Nb3 Ba7 7.Qg4 Nf6 8.Qg3 Nc6
9.Nc3 h5 10.Bg5 h4 11.Qf4 h3 12.g3 Bb8 13.Qd2 Ne5 14.Be2 Qc7 15.f4 Nc4 16.Bxc4 Qxc4
17.O-O-O Nxe4 18.Nxe4 Qxe4 19.Rhe1 Qc4 20.f5 d5 21.Kb1 f6 22.fxe6 fxg5 23.Qxg5 O-O
24.Qh5 Qc6 25.e7 Re8 26.Nd4 Qd7 27.Nf5 Qc6 28.Nd4 Qd7 29.Nf3 Rxe7 30.Ng5 g6
31.Qxg6+ Kh8 32.Rxe7  1-0

[Event "chT-POL"]
[Site "Zakopane chT"]
[Date "2000.09.02"]
[Round "1"]
[White "Kasperek,R"]
[Black "Ostrowski,L"]
[Result "0-1"]
[WhiteElo "2316"]
[BlackElo "2375"]

1.e4 c5 2.Nf3 e6 3.d4 cxd4 4.Nxd4 a6 5.Bd3 Qb6 6.Nb3 Qc7 7.O-O Nf6 8.c4 Nc6
9.f4 d6 10.Nc3 g6 11.Be3 Bg7 12.Rc1 O-O 13.Be2 Rd8 14.Bf3 Qe7 15.Bb6 Re8
16.Rc2 Nd7 17.Bc7 Nde5 18.Bxd6 Nxf3+ 19.Rxf3 Qd8 20.Rd2 b5 21.cxb5 axb5 22.a3 Qb6+
23.Bc5 Qb8 24.Rd6 Ra6 25.e5 f6 26.Nd4 Nxd4 27.Qxd4 fxe5 28.fxe5 Bb7 29.Ne4 Ra4
30.Bb4 Bxe4 31.Qxe4 Qc8 32.Rf1 Rf8 33.Rxf8+ Bxf8 34.Rc6 Qd7 35.Qc2 Ra8 36.Bd6 Ra7  0-1

[Event "6th WUCC"]
[Site "Golden Sands BUL"]
[Date "2000.09.05"]
[Round "5"]
[White "Bucher,D"]
[Black "Alvarado,C"]
[Result "1-0"]
[WhiteElo "2350"]
[BlackElo "2076"]

1.e4 c5 2.Nf3 e6 3.d4 cxd4 4.Nxd4 a6 5.Bd3 Bd6 6.O-O Ne7 7.Kh1 Be5 8.Be3 Nbc6
9.c3 d5 10.Nxc6 Nxc6 11.f4 dxe4 12.Bxe4 Bd6 13.Nd2 O-O 14.Nc4 Be7 15.Qf3 Bd7
16.Nb6 Qc7 17.Nxa8 Rxa8 18.Qf2 f5 19.Bb6 Qc8 20.Bf3 e5 21.Bd5+ Kh8 22.Bxc6 Bxc6
23.fxe5 Be4 24.Rad1 Qe6 25.Bc5 Qxe5 26.Bxe7 Qxe7 27.Rd2 h6 28.Rfd1 Rf8 29.Rd7 Qe6
30.Qg3 Rf7 31.Rxf7 Qxf7 32.a3 Qc4 33.Qf2 Qb3 34.Rd8+ Kh7 35.Rd2 a5 36.h3 a4
37.Qg3 Bc6 38.Qe5 Be4 39.Rd7 Qg8 40.Kh2 Qf8 41.h4 Bc6 42.Re7 f4 43.Kg1 f3
44.gxf3 Bxf3 45.c4 Bc6 46.h5 Bf3 47.Rc7 Bc6 48.c5 Kh8 49.Qd4 Kg8 50.Qc4+ Kh8
51.Qd4 Kg8 52.Qe5 Kh7 53.Qe7 Kg8 54.Qxf8+ Kxf8 55.Kf2 Kg8 56.Ke3 Kf8 57.Kf4 Kg8
58.Ke5 Bf3 59.Rc8+ Kh7 60.Rc7 Kg8 61.Ke6 Bg4+ 62.Ke7 Bf3 63.Rd7 Kh7 64.Kf8  1-0

[Event "chT-POL"]
[Site "Zakopane chT"]
[Date "2000.09.05"]
[Round "4"]
[White "Brustman,A"]
[Black "Andrzejewska,E"]
[Result "1/2-1/2"]
[WhiteElo "2342"]
[BlackElo "2212"]

1.e4 c5 2.Nf3 e6 3.d4 cxd4 4.Nxd4 a6 5.Bd3 Nc6 6.Nxc6 dxc6 7.O-O e5 8.Nd2 Bd6
9.a4 a5 10.Nc4 Bc7 11.Qh5 Nf6 12.Qh4 Nd7 13.Qg3 O-O 14.b3 Re8 15.Ba3 Qf6
16.Rfd1 Nb6 17.Ne3 Be6 18.Be2 Rad8 19.Bg4 Rxd1+ 20.Rxd1 Rd8 21.Rxd8+ Bxd8
22.Bxe6 Qxe6 23.Nf5 g6 24.Nh6+ Kg7 25.Nf5+ Kg8 26.Qd3 Qd7 27.Qxd7 Nxd7 28.Ne3 f6
29.Kf1 Kf7 30.Ke2 Be7 31.Bxe7 Kxe7 32.Nc4 b6 33.Ke3 Ke6 34.f3 Ke7 35.g3 Kd8  1/2-1/2

[Event "FSIMA September"]
[Site "Budapest HUN"]
[Date "2000.09.06"]
[Round "5"]
[White "Vass,V"]
[Black "Orso,M"]
[Result "0-1"]
[WhiteElo "2116"]
[BlackElo "2346"]

1.e4 c5 2.Nf3 e6 3.d4 cxd4 4.Nxd4 a6 5.Bd3 Bc5 6.Nb3 Ba7 7.O-O Nc6 8.c4 d6
9.Nc3 Nf6 10.Qe2 Ne5 11.Bf4 Qc7 12.Bxe5 dxe5 13.Rfd1 O-O 14.Rac1 Qe7 15.Kh1 g6
16.Rd2 Nh5 17.g3 Bd7 18.Rcd1 Rac8 19.Bc2 Nf6 20.a3 Rc7 21.Bd3 Rfc8 22.f4 exf4
23.gxf4 Nh5 24.Qf3 Qh4 25.Rf1 f5 26.Rg2 Kh8 27.Nd2 Bd4 28.Bb1 Bc6 29.b3 Qxf4
30.Qd3 Qe3 31.Ne2 Qxd3 32.Bxd3 Be3 33.Nc3 Rd8  0-1

[Event "FSIMB September"]
[Site "Budapest HUN"]
[Date "2000.09.06"]
[Round "5"]
[White "Gara,T"]
[Black "Gonda,L"]
[Result "1/2-1/2"]
[WhiteElo "2296"]
[BlackElo "2255"]

1.e4 c5 2.Nf3 e6 3.d4 cxd4 4.Nxd4 a6 5.Bd3 Qb6 6.Nb3 Qc7 7.O-O Nf6 8.f4 d6
9.a4 b6 10.Nc3 Bb7 11.Be3 Nbd7 12.f5 e5 13.Qf3 Be7 14.g4 h6 15.Rad1 Bc6 16.Nd2 Qb7
17.Bc4 b5 18.axb5 axb5 19.Bb3 Bd8 20.Nd5 Bxd5 21.Bxd5 Nxd5 22.exd5 Nf6 23.Ne4 Nxe4
24.Qxe4 Bb6 25.Bxb6 Qxb6+ 26.Kh1 f6 27.Rf3 Ra4 28.Qe2 Ke7 29.Rc3 Rha8 30.Rc6 Qa5
31.h3 Ra6 32.Rc8 Ra1 33.Kg2 Rxd1 34.Qxd1 Ra8 35.Rc6 Kd7 36.Qd3 Rc8 37.Rxc8 Kxc8
38.Qb3 Kd7 39.Qd3 Qb4 40.b3 Qc5 41.c3 b4 42.c4 Qa5 43.Qb1 Qa7 44.Qe1 Qa5
45.Qb1 Kc7 46.Kf3 Kb7 47.Kg2 Qa7 48.Qb2 Qe3 49.Qa2 e4 50.Qa4 Qf3+ 51.Kh2 Qf2+
52.Kh1 Qf1+ 53.Kh2 Qf4+ 54.Kg2 Qd2+ 55.Kg3 Qe3+ 56.Kg2 Qf3+  1/2-1/2

[Event "ch-ARM"]
[Site "Yerevan ARM"]
[Date "2000.09.06"]
[Round "7"]
[White "Aronian,L"]
[Black "Yegiazarian,A"]
[Result "1-0"]
[WhiteElo "2551"]
[BlackElo "2527"]

1.e4 c5 2.Nf3 e6 3.d4 cxd4 4.Nxd4 a6 5.Bd3 Nf6 6.O-O d6 7.c4 b6 8.Nc3 Bb7
9.Qe2 Be7 10.Rd1 Qc7 11.a4 O-O 12.b3 Nfd7 13.Bc2 Ne5 14.Qh5 Nbc6 15.Nxc6 Qxc6
16.Be3 g6 17.Qh3 Bf6 18.Bd4 Nd7 19.Bxf6 Nxf6 20.Qh4 Kg7 21.Re1 Qc5 22.Rad1 Bc6
23.Qf4 Rfd8 24.Qe3 Qxe3 25.Rxe3 Kf8 26.f3 Ke7 27.a5 bxa5 28.Ra1 Nd7 29.Rxa5 Rdb8
30.f4 f6 31.Rh3 Nf8 32.Kf2 Be8 33.g4 Rc8 34.g5 fxg5 35.fxg5 Bc6 36.Ke1 Kf7
37.Kd2 Rd8 38.Bd1 Kg7 39.Rd3 h6 40.gxh6+ Kxh6 41.e5 dxe5 42.Rxd8 Rxd8+ 43.Ke3 Bb7
44.Bc2 Nd7 45.Ne4 Nb8 46.Nc5 Bc8 47.Be4 Kg7 48.Nd3 Nd7 49.Bc6 e4 50.Nf2 Nf6
51.Bxe4 Rh8 52.Rc5 Bd7 53.Rc7 Kf7 54.c5 Rc8 55.Rxc8 Bxc8 56.Kd4 g5 57.b4 Ke7
58.Ba8 Ne8 59.Ne4 Nc7 60.Bc6 g4 61.Nf2 Bd7 62.Bxd7 g3 63.hxg3 Kxd7 64.g4 Nd5
65.Nd3 Ke7 66.g5 Kf7 67.c6 Nc7 68.Ke5 Ke7 69.Nf4 Nb5 70.Nxe6 Na3 71.Kd5 Nc2
72.Kc5 Kxe6 73.c7 Kd7 74.c8=R Ne3 75.Rf8  1-0

[Event "chT-POL"]
[Site "Zakopane chT"]
[Date "2000.09.06"]
[Round "5"]
[White "Kasperek,R"]
[Black "Volzhin,A"]
[Result "0-1"]
[WhiteElo "2316"]
[BlackElo "2556"]

1.e4 c5 2.Nf3 e6 3.d4 cxd4 4.Nxd4 a6 5.Bd3 Nf6 6.c4 d6 7.Nc3 Be7 8.O-O Bd7
9.Qe2 Nc6 10.Nf3 Ng4 11.Rd1 O-O 12.Bf4 Nge5 13.Bc2 Qc7 14.c5 Rad8 15.Ba4 Nxf3+
16.Qxf3 Ne5 17.Qg3 f6 18.Bxd7 Qxd7 19.Rac1 Qe8 20.cxd6 Bxd6 21.Rc2 Qe7 22.Rcd2 b5
23.a3 Bc7 24.h4 Rxd2 25.Rxd2 Rc8 26.Rc2 Rd8 27.h5 Rd3 28.f3 Bb6+ 29.Kh2 Qf7
30.h6 Bc7 31.Ne2 g5 32.Bxe5 Bxe5 33.Rc8+ Qf8  0-1

[Event "FSIMB September"]
[Site "Budapest HUN"]
[Date "2000.09.08"]
[Round "7"]
[White "Gara,A"]
[Black "Gonda,L"]
[Result "1-0"]
[WhiteElo "2291"]
[BlackElo "2255"]

1.e4 c5 2.Nf3 e6 3.d4 cxd4 4.Nxd4 a6 5.Bd3 Qb6 6.c3 d6 7.O-O Nf6 8.a4 Qc7
9.Bg5 Be7 10.Qe2 Nbd7 11.Nd2 O-O 12.f4 Nc5 13.e5 Nd5 14.Bxe7 Nxe7 15.Bc2 Rd8
16.Rf3 Nf5 17.Nxf5 exf5 18.b4 Ne6 19.Bxf5 Nf8 20.Bxc8 Raxc8 21.exd6 Rxd6
22.Ne4 Rd5 23.f5 f6 24.Rd1 Rcd8 25.Rfd3 Rxd3 26.Rxd3 Rxd3 27.Qxd3 Qf4 28.Nd6 Qc1+
29.Kf2 Qf4+ 30.Ke2 Qe5+ 31.Kd1 h6 32.g3 b6 33.Kc2 a5 34.Nc4 Qe1 35.Kb3 axb4
36.cxb4 Qf2 37.b5 Kh7 38.g4 Qxh2 39.Nxb6 Qg1 40.a5 Qc5  1-0

[Event "FSIMA September"]
[Site "Budapest HUN"]
[Date "2000.09.09"]
[Round "8"]
[White "Vass,V"]
[Black "Yu Mingyuan"]
[Result "1/2-1/2"]
[WhiteElo "2116"]
[BlackElo "2319"]

1.e4 c5 2.Nf3 e6 3.d4 cxd4 4.Nxd4 a6 5.Bd3 Bc5 6.Nb3 Ba7 7.O-O Nc6 8.c4 d6
9.Nc3 Nge7 10.Qe2 O-O 11.Be3 Bxe3 12.Qxe3 e5 13.Rfd1 Be6 14.Rac1 Ng6 15.Bf1 Qb8
16.g3 Rd8 17.Rd2 Nce7 18.Na4 b5 19.Nb6 Ra7 20.Rcd1 bxc4 21.Nxc4 d5 22.exd5 Rxd5
23.Nc5 Nf5 24.Qe4 Rxd2  1/2-1/2

[Event "Open"]
[Site "Cesenatico ITA"]
[Date "2000.09.09"]
[Round "8"]
[White "Costantini,R"]
[Black "Cocchi,A"]
[Result "1-0"]
[WhiteElo "2233"]
[BlackElo "2261"]

1.e4 c5 2.Nf3 e6 3.d4 cxd4 4.Nxd4 a6 5.Bd3 Nf6 6.O-O Qc7 7.Qe2 d6 8.c4 Be7
9.Nc3 O-O 10.Kh1 Nbd7 11.f4 Re8 12.Nf3 Nf8 13.Bd2 b6 14.Rac1 Bb7 15.Qf2 Rac8
16.Qg3 Qb8 17.Rce1 Qa8 18.Ng5 d5 19.cxd5 exd5 20.e5 Nh5 21.Qg4 g6 22.f5 Bxg5
23.Qxg5 d4 24.Ne4 Bxe4 25.Bxe4 Qa7 26.Bd5 Re7 27.Bb4 Rd7 28.fxg6 hxg6 29.Bb3 Nh7
30.Qxg6+ Ng7 31.Qg3 Re8 32.Qh3 Qb7 33.Bc2 Nf8  1-0

[Event "Najdorf Final KO"]
[Site "Buenos Aires ARG"]
[Date "2000.09.10"]
[Round "1.2"]
[White "Langier,D"]
[Black "Sunye Neto,J"]
[Result "1/2-1/2"]
[WhiteElo "2395"]
[BlackElo "2555"]

1.e4 c5 2.Nf3 e6 3.d4 cxd4 4.Nxd4 a6 5.Bd3 Nc6 6.Be3 Nf6 7.Nc3 Qc7 8.O-O b5
9.Nxc6 Qxc6 10.Qf3 Bb7 11.Bd4 Be7 12.Rfe1 b4 13.Nb1 Qc7 14.Nd2 e5 15.Qg3 d6
16.Be3 O-O 17.Bh6 Ne8 18.Nc4 Kh8 19.Bd2 a5 20.c3 bxc3 21.Bxc3 Nf6 22.Rac1 Rfc8
23.Qe3 Nd7 24.Qd2 a4 25.Ba5 Qb8 26.Bb4 Ba6 27.Bf1 Nc5 28.Ba3 h6 29.Qd5 Kg8
30.Nxe5 dxe5 31.Bxa6 Rd8 32.Qc4 Rxa6 33.Bxc5 Rc6 34.Bxe7 Rxc4 35.Rxc4 Rd4
36.Rc2 Qb7 37.Bc5 Qxe4 38.Rcc1 Rc4 39.Be3 Rxc1 40.Rxc1 f5 41.b3 f4 42.Bc5 axb3
43.axb3 Qg6 44.f3 e4 45.fxe4 f3 46.g3 Qxe4 47.b4 Qe2 48.Bf2 Qb2 49.Rf1 h5
50.h3 g5 51.Re1 Qxb4 52.Re5 Qb1+ 53.Re1 Qf5 54.Kh2 Kf7 55.Re3 Kg6 56.Re1 Qc2
57.Kg1 Kf5 58.Re3 Qc6 59.Re1 Qd5 60.Re3 Qd1+  1/2-1/2

[Event "FIDE women's World Cup KO"]
[Site "Shenyang CHN"]
[Date "2000.09.10"]
[Round "2.3"]
[White "Xu Yuhua"]
[Black "Cramling,P"]
[Result "0-1"]
[WhiteElo "2505"]
[BlackElo "2484"]

1.e4 c5 2.Nf3 e6 3.d4 cxd4 4.Nxd4 a6 5.Bd3 Nc6 6.Nb3 Nf6 7.O-O Be7 8.c4 d5
9.cxd5 exd5 10.exd5 Nxd5 11.Qe2 O-O 12.Rd1 Be6 13.Be4 Bf6 14.Nc5 Nd4 15.Qd3 Nb4
16.Qf1 Qe7 17.Nxe6 Qxe6 18.Nc3 Ndc2 19.Rb1 Bxc3 20.Bxc2 Be5 21.Bb3 Qf6 22.Be3 Nc6
23.Bd5 Rad8 24.Qc4 Bb8 25.Qc3 Be5 26.Qc4 Bxb2 27.Qb3 Bd4 28.Bxd4 Nxd4 29.Qxb7 Ne2+
30.Kf1 Nc3 31.Rb6 Qf5 32.g4 Qf4 33.Rb4 Qe5 34.Bxf7+ Kh8 35.Rxd8 Rxd8 36.Kg2 Rf8
37.Qf3 Nb5 38.Re4 Qb8 39.Qb3 Qd8 40.Qe6 Nd6 41.Rd4 Qa8+ 42.Qd5 Nxf7 43.Qxa8 Rxa8
44.f4 Kg8 45.Kf3 g6 46.h4 Rc8 47.Rd7 Rc2 48.h5 Rxa2 49.g5 Ra3+ 50.Ke4 Ra4+
51.Ke3 gxh5 52.Kf3 h4 53.Re7 h3 54.Kg3 Ra3+ 55.Kh2 a5 56.Ra7 a4 57.Ra6 Kg7
58.Rb6 Rf3 59.Rb4 a3 60.Ra4 h6 61.gxh6+ Nxh6 62.Ra7+ Kg6  0-1

[Event "chT-POL"]
[Site "Zakopane chT"]
[Date "2000.09.10"]
[Round "8"]
[White "Rydzik,K"]
[Black "Jaracz,P"]
[Result "0-1"]
[WhiteElo "2077"]
[BlackElo "2511"]

1.e4 c5 2.Nf3 e6 3.d4 cxd4 4.Nxd4 a6 5.Bd3 Nf6 6.Nc3 d6 7.a4 b6 8.O-O Bb7
9.f4 Nbd7 10.Qe1 Qc7 11.Kh1 Be7 12.Be3 Nc5 13.Bg1 O-O 14.Nf3 e5 15.Bxc5 Qxc5
16.fxe5 dxe5 17.Nd5 Nxd5 18.exd5 Qxd5 19.Qxe5 Bf6 20.Qg3 Qc5 21.Rab1 Rae8
22.Nh4 Re3 23.Qg4 h5 24.Qf5 Rxd3 25.Qxc5 bxc5 26.Rxf6 Rd2 27.Rb6 Rfd8 28.h3 R8d7
29.c4 Re2 30.Rf1 f6 31.Nf3 Bxf3 32.Rxf3 h4 33.Rf4 Rd1+ 34.Kh2  0-1

[Event "Najdorf Final KO"]
[Site "Buenos Aires ARG"]
[Date "2000.09.12"]
[Round "2.2"]
[White "Pierrot,F"]
[Black "Varela,G"]
[Result "1-0"]
[WhiteElo "2423"]
[BlackElo "2249"]

1.e4 c5 2.Nf3 e6 3.d4 cxd4 4.Nxd4 a6 5.Bd3 Qc7 6.O-O Nf6 7.c4 d6 8.Nc3 b6
9.Qe2 Bb7 10.f4 Nbd7 11.f5 e5 12.Nf3 Be7 13.Bg5 Bc6 14.Kh1 Rb8 15.Nd5 Qb7
16.Rfe1 Bd8 17.Nb4 O-O 18.Rac1 Nh5 19.Bd2 Nf4 20.Bxf4 exf4 21.Nd4 Ne5 22.Ndxc6 Nxc6
23.Nd5 Bg5 24.Rcd1 Ne5 25.Rf1 f6 26.Nxf4 Bxf4 27.Rxf4 Qc6 28.b3 Rfe8 29.Qe3 Qc5
30.Qd2 Rbc8 31.Be2 Red8 32.Rff1 Kh8 33.Qd4 Nc6 34.Qd5 Nb4 35.Qd2 a5 36.Bh5 Nc6
37.Bf7 Qe5 38.Bd5 Ne7 39.Qd4 Rc5 40.Qxe5 dxe5 41.Be6 Re8 42.Rd6  1-0

[Event "TCh-FIN 00-01"]
[Site "FIN"]
[Date "2000.09.24"]
[Round "2"]
[White "Leino,J"]
[Black "Nyysti,S"]
[Result "0-1"]
[WhiteElo "2202"]
[BlackElo "2284"]

1.e4 c5 2.Nf3 e6 3.d4 cxd4 4.Nxd4 a6 5.Bd3 Nf6 6.O-O Qc7 7.Nd2 Be7 8.b3 Qc3
9.Rb1 Qxd4 10.Nc4 Qc5 11.Be3 Qc6 12.Nb6 Bd8 13.Nxa8 b5 14.e5 Bb7 15.Qf3 Qxf3
16.gxf3 Nd5 17.c4 Nxe3 18.fxe3 b4 19.a3 bxa3 20.Be4 Nc6 21.b4 a2 22.Ra1 f5
23.exf6 Bxa8 24.fxg7 Rg8 25.Rf2 Rxg7+ 26.Kf1 d5 27.cxd5 Nxb4 28.dxe6 Bxe4
29.fxe4 Bc7  0-1

[Event "V ECC Women"]
[Site "Halle GER"]
[Date "2000.09.26"]
[Round "3"]
[White "Krivec,J"]
[Black "Ciuksyte,Z"]
[Result "1/2-1/2"]
[WhiteElo "2199"]
[BlackElo "2119"]

1.e4 c5 2.Nf3 e6 3.d4 cxd4 4.Nxd4 a6 5.Bd3 Qc7 6.O-O Nc6 7.Nxc6 dxc6 8.c4 e5
9.Be3 Nf6 10.f3 Nd7 11.Kh1 a5 12.Nc3 Bc5 13.Bd2 O-O 14.Qe1 Rd8 15.Rd1 Nf8
16.Bc1 Be6 17.b3 Rd7 18.f4 Bg4 19.Be2 Rxd1 20.Nxd1 Bb4 21.Qf2 Bc5 22.Qe1 Bb4
23.Qf2 Bc5 24.Qe1 Bb4 25.Qf2 Bc5  1/2-1/2

[Event "V ECC Women"]
[Site "Halle GER"]
[Date "2000.09.26"]
[Round "3"]
[White "Schuster,B"]
[Black "Jahn,C"]
[Result "0-1"]
[WhiteElo "2112"]
[BlackElo "2138"]

1.e4 c5 2.Nf3 e6 3.d4 cxd4 4.Nxd4 a6 5.Bd3 Nc6 6.Be3 Nf6 7.O-O Qc7 8.Qe2 Bd6
9.h3 Be5 10.c3 d5 11.Nxc6 Qxc6 12.exd5 Qxd5 13.Nd2 Bc7 14.Rfd1 b6 15.Nf3 Bb7
16.Rd2 Qc6 17.Rad1 O-O 18.Bc4 h6 19.Qf1 b5 20.Bb3 Rad8 21.Nd4 Qe4 22.Bc2 Qe5
23.g3 Qh5 24.Ne2 Rxd2 25.Rxd2 Nd5 26.Bc5 Rc8 27.Bd4 Qf3 28.Kh2 e5 29.Ba7 e4
30.Bd1 e3 31.Rd3 Re8 32.Nf4 Qxf2+ 33.Qxf2 exf2 34.Bxf2 Nxf4 35.gxf4 Bxf4+
36.Kg1 g6 37.Kf1 Bc8 38.Kg2 Bf5 39.Rd4 Be3 40.Rd6 Bxf2 41.Kxf2 Re6 42.Rd8+ Kg7
43.h4 h5 44.Bf3 Be4 45.Rd4 Bxf3 46.Kxf3 Kf6 47.Rd7 Rc6 48.Kg3 Ke6 49.Rd8 f6
50.Rg8 Kf5 51.Rh8 Rd6 52.Ra8 Rd3+ 53.Kg2 Rd2+ 54.Kg3 Rxb2 55.Rxa6 Rd2 56.Rc6 Rd3+
57.Kg2 Ke5 58.Rc5+ Rd5 59.Rc6 g5 60.hxg5 fxg5 61.a3 Kf4 62.c4 Rd2+ 63.Kf1 bxc4
64.Rxc4+ Kf3 65.Rc3+ Ke4 66.Rc5 Rd5 67.Rc8 h4 68.a4 g4 69.Ke2 Kf4 70.Rc4+ Kg3
71.Rc3+ Kg2 72.Rc4 Re5+  0-1

[Event "XVI ECC"]
[Site "Neum BIH"]
[Date "2000.09.27"]
[Round "4"]
[White "Kiroski,T"]
[Black "Ionescu,Co"]
[Result "0-1"]
[WhiteElo "2415"]
[BlackElo "2492"]

1.e4 c5 2.Nf3 e6 3.d4 cxd4 4.Nxd4 a6 5.Bd3 Nf6 6.O-O d6 7.c4 b6 8.Nc3 Bb7
9.Qe2 Be7 10.b3 O-O 11.Bb2 Re8 12.Rad1 Qc7 13.f4 Nbd7 14.Kh1 Bf8 15.Nf3 g6
16.Bb1 Rad8 17.Qd2 Qb8 18.f5 Ng4 19.fxg6 fxg6 20.Qf4 Nge5 21.Ba3 Nxf3 22.Qxf3 Ne5
23.Qh3 Bg7 24.Ne2 b5 25.c5 a5 26.Nf4 Bc8 27.cxd6 b4 28.Bc1 Rxd6 29.Rxd6 Qxd6
30.Re1 Ba6 31.Qe3 Rd8 32.h3 Rc8 33.Qd2 Qe7 34.Bb2 a4 35.Rc1 Rd8 36.Qf2 a3
37.Bxe5 Bxe5  0-1

[Event "V ECC Women"]
[Site "Halle GER"]
[Date "2000.09.28"]
[Round "5"]
[White "Krivec,J"]
[Black "Eckhardt,C"]
[Result "1-0"]
[WhiteElo "2199"]
[BlackElo "2169"]

1.e4 c5 2.Nf3 e6 3.d4 cxd4 4.Nxd4 a6 5.Bd3 Nf6 6.O-O Qc7 7.Qe2 d6 8.c4 Nbd7
9.f4 b6 10.Kh1 Bb7 11.Nc3 Be7 12.Bd2 Rc8 13.Rae1 Nc5 14.Bb1 g6 15.e5 Nh5
16.f5 dxe5 17.fxe6 f6 18.Nf5 Nxe6 19.Nd5 Bxd5 20.cxd5 Nc5 21.b4 Nb7 22.Rc1 Qd7
23.Rxc8+ Qxc8 24.Nxe7 Kxe7 25.Qxa6 Qd7 26.Be4 Nd6 27.Bf3 Rc8 28.Be3 Nc4 29.Rc1 b5
30.Bc5+ Kf7 31.Bxh5 gxh5 32.Rf1 Qxd5  1-0

[Event "V ECC Women"]
[Site "Halle GER"]
[Date "2000.09.30"]
[Round "7"]
[White "Zozulia,A"]
[Black "Ciuksyte,Z"]
[Result "1-0"]
[WhiteElo "2371"]
[BlackElo "2119"]

1.e4 c5 2.Nf3 e6 3.d4 cxd4 4.Nxd4 a6 5.Bd3 Qc7 6.O-O Nf6 7.Nc3 Bc5 8.Nb3 Be7
9.f4 h5 10.e5 Qb6+ 11.Kh1 Ng4 12.Qe2 Nc6 13.Ne4 Nb4 14.Bd2 Nxd3 15.cxd3 g6
16.Rac1 Kf8 17.d4 Qd8 18.Qf3 a5 19.Ng5 d5 20.exd6 Qxd6 21.Nc5 Bxg5 22.Ne4 Qb8
23.Nxg5 Nf6 24.Qa3+ Ke8 25.f5 gxf5 26.Bf4 Qa7 27.Be5 Rh6 28.Bxf6 b5 29.Be5 b4
30.Qe3 Rg6 31.Nf3 Ba6 32.Rf2 Qb7 33.Rc7 Qd5 34.Rc5 Qxa2 35.h3 Qb1+ 36.Kh2 Qe4
37.Qxe4 fxe4 38.Ne1 Bc8 39.b3 f5 40.Ra2 Bb7 41.Raxa5 Rxa5 42.Rxa5 Bd5 43.Rb5 Bxb3
44.Rxb4 Bd1 45.Rb7 Ba4 46.Ra7 Bd1 47.Rg7 Rxg7 48.Bxg7 Kf7 49.Be5 Kg6 50.Kg3 Bb3
51.Kf4 h4 52.Bc7 Kh6 53.Ke3 Kg5 54.Bf4+ Kf6 55.Kd2 Bd5 56.Nc2 Kg6 57.Ne3 Bc6
58.Kc3 Bb5 59.Kb4 Bd3 60.Kc5 Kf6 61.Kd6 Bb1 62.d5 Ba2 63.dxe6 Bxe6 64.Nd5+ Bxd5
65.Kxd5 Kg6 66.Ke5 Kh5 67.Kxf5 e3 68.Ke4 e2 69.Bd2 Kg6 70.Kf3 Kf5 71.Kxe2 Kg6
72.Kf3 Kh5 73.Kf4  1-0

[Event "ch-ARG"]
[Site "Buenos Aires ARG"]
[Date "2000.10.10"]
[Round "1"]
[White "Pierrot,F"]
[Black "Bertona,F"]
[Result "1-0"]
[WhiteElo "2423"]
[BlackElo "2405"]

1.e4 c5 2.Nf3 e6 3.d4 cxd4 4.Nxd4 a6 5.Bd3 g6 6.c4 Bg7 7.Be3 Ne7 8.O-O O-O
9.Nc3 d5 10.exd5 exd5 11.Rc1 dxc4 12.Bxc4 Nd7 13.Nf3 b5 14.Bb3 Bb7 15.Re1 Nf5
16.Bf4 Nc5 17.Bc2 b4 18.Bxf5 bxc3 19.b4 Qf6 20.bxc5 Qxf5 21.Be5 Rfd8 22.Qc2 Rd3
23.Re3 Rad8 24.Bxg7 Bxf3 25.Bf6 Qxf6 26.Rxd3 Rxd3 27.Qxd3 Qg5 28.Qf1 Bxg2
29.f4  1-0

[Event "FSIMB October"]
[Site "Budapest HUN"]
[Date "2000.10.15"]
[Round "9"]
[White "Rajlich,V"]
[Black "Orso,M"]
[Result "0-1"]
[WhiteElo "2209"]
[BlackElo "2346"]

1.e4 c5 2.Nf3 e6 3.d4 cxd4 4.Nxd4 a6 5.Bd3 d5 6.O-O dxe4 7.Bxe4 Nf6 8.Bf3 Be7
9.Nc3 O-O 10.Be3 Qc7 11.Qe2 Bd7 12.Rfd1 Nc6 13.Qc4 Rac8 14.Nxc6 Bxc6 15.Bxc6 Qxc6
16.Qxc6 Rxc6 17.Rd3 b5 18.a3 Rfc8 19.Rad1 h6 20.Bd4 Ne8 21.Kf1 f6 22.Ne2 Nd6
23.Bc3 Ne4 24.Nd4 Rc4 25.Be1 Kf7 26.b3 R4c7 27.Re3 f5 28.f3 Nc3 29.Bxc3 Rxc3
30.Rxe6 Bf6 31.Rd6 Bxd4 32.R1xd4 Rxc2 33.Rxa6 Rb2 34.Rd1 Rcc2 35.Ra7+ Kg8
36.Rb7 Rf2+ 37.Kg1 Rxg2+ 38.Kh1 Rxh2+ 39.Kg1 Rhg2+ 40.Kh1 Rgf2 41.Rxb5 Rxf3
42.a4 Rh3+ 43.Kg1 f4 44.Rbd5 Rhxb3 45.a5 Ra2 46.Rf5 Rg3+ 47.Kf1 Rh3  0-1

[Event "FSIMA October"]
[Site "Budapest HUN"]
[Date "2000.10.17"]
[Round "11"]
[White "Jamrich,G"]
[Black "Nyysti,S"]
[Result "1/2-1/2"]
[WhiteElo "2225"]
[BlackElo "2305"]

1.e4 c5 2.Nf3 e6 3.d4 cxd4 4.Nxd4 a6 5.Bd3 Nf6 6.O-O Qc7 7.c3 Nc6 8.Nf3 Be7
9.Nbd2 O-O 10.Re1 d6 11.a4 Bd7 12.Nf1 Ne5 13.Be2 Bc6 14.Nd4 Rfe8 15.Nxc6 bxc6  1/2-1/2

[Event "ch-ARG"]
[Site "Buenos Aires ARG"]
[Date "2000.10.17"]
[Round "7"]
[White "Pierrot,F"]
[Black "Varela,G"]
[Result "0-1"]
[WhiteElo "2423"]
[BlackElo "2249"]

1.e4 c5 2.Nf3 e6 3.d4 cxd4 4.Nxd4 a6 5.Bd3 Bc5 6.Nb3 Ba7 7.Nc3 Nc6 8.Qe2 d6
9.Be3 Nge7 10.O-O e5 11.a4 O-O 12.Bxa7 Rxa7 13.Bc4 Be6 14.Rfd1 Qc7 15.Bxe6 fxe6
16.Qc4 Rf6 17.Qd3 Nc8 18.Rd2 Nb4 19.Qe3 b6 20.Rad1 Qb8 21.Nb1 Nc6 22.c4 Rc7
23.Na3 Rff7 24.Nc1 Na5 25.b3 Qa8 26.Rc2 Nc6 27.Ne2 Nb4 28.Rcd2 Qc6 29.Nc3 Qc5
30.Qh3 Rf6 31.Nc2 Nxc2 32.Rxc2 Rcf7 33.Qg3 Ne7 34.Qe3 Nc8 35.Rd3 Rc7 36.Rcd2 Rf8
37.Qe1 Rcf7 38.Ra2 Na7 39.Qe3 Qxe3 40.Rxe3 Nc6 41.f3 Rd8 42.Kf2 Kf8 43.Rd2 Rc7
44.h4 Ke7 45.g3 Na5 46.Ne2 Rb8 47.Red3 b5 48.cxb5 axb5 49.Ra2 bxa4 50.bxa4 Rc4
51.h5 Rbb4 52.Rad2 Nb3 53.Rd1 Nd4 54.a5 Rc2 55.R3d2 Rbb2 56.Rxc2 Rxc2 57.Re1 Ra2
58.a6 Rxa6 59.Nxd4 exd4 60.Rb1 Ra2+ 61.Kf1 Kf6 62.Rb7 Ke5 63.Ke1 Rg2 64.Rb5+ d5
65.exd5 exd5 66.g4 d3 67.Rb4 h6 68.Ra4 d4 69.Ra3 d2+ 70.Kd1 Kf4 71.Rd3 Rf2
72.Rxd4+ Ke3  0-1

[Event "TCh-FIN 00-01"]
[Site "FIN"]
[Date "2000.10.21"]
[Round "3"]
[White "Hartikainen,M"]
[Black "Haapasalo,JP"]
[Result "1-0"]
[WhiteElo "2277"]
[BlackElo "2165"]

1.e4 c5 2.Nf3 e6 3.d4 cxd4 4.Nxd4 a6 5.Bd3 Nf6 6.O-O Qc7 7.c4 g6 8.Nc3 Bg7
9.Be3 d6 10.Rc1 O-O 11.b3 b6 12.Bb1 Bb7 13.f3 Nbd7 14.Qd2 Rfe8 15.Rfd1 Rad8
16.Nde2 Bf8 17.Kh1 Qb8 18.Bf4 Ne5 19.Bg5 Be7 20.Qe1 Nh5 21.Bxe7 Rxe7 22.Qh4 Rdd7
23.f4 Nc6 24.f5 exf5 25.Nd5 Qd8 26.Nxe7+ Nxe7 27.exf5 Qa8 28.Qh3 Rd8 29.Rf1 Re8
30.Nd4 Nc6 31.fxg6 hxg6 32.Nf5 Re6 33.Nh6+ Kg7 34.Rxf7+ Kxh6 35.Qxe6 Ne5
36.Qxd6 Bxg2+ 37.Kg1  1-0

[Event "TCh-SVK"]
[Site "SVK"]
[Date "2000.10.21"]
[Round "1"]
[White "Maros,M"]
[Black "Petrik,K"]
[Result "1/2-1/2"]
[WhiteElo "2217"]
[BlackElo "2229"]

1.e4 c5 2.Ne2 e6 3.d4 cxd4 4.Nxd4 a6 5.Bd3 Ne7 6.O-O Nbc6 7.Nxc6 Nxc6 8.Be3 Qc7
9.f4 Nb4 10.Nc3 Bc5 11.Qe2 b5 12.a3 Nxd3 13.cxd3 Qb6 14.Bxc5 Qxc5+ 15.Qf2 Qxf2+
16.Rxf2 Bb7 17.Rc1 Rc8 18.Rfc2 Ke7 19.b4 Rc6 20.Ne2 Rb6 21.Nd4 Rd6 22.Nb3 Rb8
23.Rc3 Rc6 24.Kf2 f6 25.Rxc6 Bxc6 26.Nd4 Bb7 27.Ke3 Kd6 28.g3 Bc6 29.Nf3 a5
30.Nd4 axb4 31.axb4 Kc7 32.Ra1 Kb6 33.Nb3 d6 34.d4 f5 35.d5 exd5 36.exf5 Re8+
37.Kd3 Rf8 38.Nd4 Bd7 39.Re1 Bxf5+ 40.Nxf5 Rxf5 41.Re7 Rh5 42.h4 g6 43.Kd4 Kc6
44.Rg7 Rh6 45.Ra7 Rh5 46.Rg7 Rh6 47.Re7 Rh5  1/2-1/2

[Event "22nd Open"]
[Site "Arco ITA"]
[Date "2000.10.29"]
[Round "9"]
[White "Jens,J"]
[Black "Haldemann,P"]
[Result "1-0"]
[WhiteElo "2280"]
[BlackElo "2231"]

1.e4 c5 2.Nf3 e6 3.d4 cxd4 4.Nxd4 a6 5.Bd3 Bc5 6.Nb3 Ba7 7.Qe2 Nc6 8.Be3 d6
9.Nc3 b5 10.Bxa7 Rxa7 11.O-O-O Nge7 12.f4 O-O 13.e5 Rd7 14.exd6 Rxd6 15.Qh5 g6
16.Qc5 Qc7 17.Ne4 Rdd8 18.Nf6+ Kg7 19.Qg5 Nf5 20.g4 Nb4 21.Kb1 Nxd3 22.Nh5+ Kg8
23.gxf5 Nf2 24.Rxd8 Rxd8 25.Qh6 gxh5 26.f6  1-0

[Event "4th OIBM"]
[Site "Bad Wiessee GER"]
[Date "2000.10.29"]
[Round "2"]
[White "Fairbairn,S"]
[Black "Prusikhin,M"]
[Result "0-1"]
[WhiteElo "2152"]
[BlackElo "2460"]

1.e4 c5 2.Nf3 e6 3.d4 cxd4 4.Nxd4 a6 5.Bd3 Nf6 6.O-O d6 7.c4 Nbd7 8.Nc3 Ne5
9.Kh1 Be7 10.f4 Nxd3 11.Qxd3 Qc7 12.b3 O-O 13.Bb2 Rd8 14.Rad1 b6 15.Qe2 Bb7
16.f5 e5 17.Nc2 b5 18.Nd5 Nxd5 19.cxd5 Rdc8 20.Ne3 Bg5 21.f6 Bxf6 22.Rxf6 gxf6
23.Qg4+ Kh8 24.Qf5 Qd8 25.Ng4 Qg8 26.Qxf6+ Qg7 27.Qxd6 f6 28.Nxf6 Rc2  0-1

[Event "4th OIBM"]
[Site "Bad Wiessee GER"]
[Date "2000.10.30"]
[Round "3"]
[White "Medvegy,N"]
[Black "Landa,K"]
[Result "0-1"]
[WhiteElo "2350"]
[BlackElo "2610"]

1.e4 c5 2.Nf3 e6 3.d4 cxd4 4.Nxd4 a6 5.Bd3 Nf6 6.O-O d6 7.c4 Bd7 8.Nc3 Nc6
9.Nxc6 Bxc6 10.Re1 Be7 11.Qe2 Rc8 12.Bf4 Nd7 13.Rad1 Qc7 14.Nd5 Bxd5 15.cxd5 e5
16.Rc1 Qb8 17.Rxc8+ Qxc8 18.Rc1 Qb8 19.Be3 O-O 20.Qc2 Bd8 21.Qa4 Nc5 22.Bxc5 dxc5
23.Rxc5 Bb6 24.Rc2 Qd6 25.Qa3 Qf6 26.Qb4 Rd8 27.a4 a5 28.Qe1 Qd6 29.Qc1 g6
30.g3 Kg7 31.Rc8 Qf6 32.Rc2 h5 33.Kg2 h4 34.h3 Rh8 35.Qd1 Qd6 36.Qg4 hxg3
37.fxg3 Qb4 38.Qe2 Qxa4 39.Rc1 Qb4 40.h4 Bd4 41.Rc2 Rd8 42.h5 Rd6 43.Qg4 Be3
44.Qf3 Qd4 45.Re2 Bg5 46.Bb1 Rb6 47.b3 gxh5 48.Qf5 Rg6 49.Kh3 Bf4 50.Rg2 Qe3  0-1